01007 2200313 4500001002100000005001500021035002000036007000300056008004100059020002200100082001600122084001800138100002900156245015700185250002600342300003400368650002400402700002900426504003400455264003000489336002100519337003000540338002300570040002200593090002200615850001200637999002200649990002200671INLIS00000000088009420230717023843 a0010-0723000465ta230717s2022 yoi g ind d a978-979-21-7421-204223a370.114 a370.114 HER p0 aHeri SoesantoePengarang10aPersonal integrity development guide :bcara praktis membangun integritas secara konsisten dan jangka panjang /cHeri Soesanto; penyunting, Rosa de Lima aCetakan Pertama, 2022 a270 halaman :btabel ;c21 cm 4aPendidikan karakter0 aRosa de LimaePenyunting aBibliografi : halaman 267-26831aSleman :bKanisius,c2022 2rdacontentateks 2rdamediaatanpa perantara 2rdacarrieravolume aYOPDYOGbinderda aCB-D.11 2022-3872 aYOPDYOG aCB-D.11/2022-3872 aCB-D.11/2022-3872